[Event "Olympiad-38"]
[Site "Dresden"]
[Date "2008.11.14"]
[Round "2"]
[White "Cueto Chajtur, Johny"]
[Black "Zugic, Igor"]
[Result "0-1"]
[WhiteElo "2320"]
[BlackElo "2457"]
[PlyCount "50"]
[EventDate "2008.11.13"]
[EventType "team-swiss"]
[EventRounds "11"]
[EventCountry "GER"]
[SourceTitle "CBM 128"]
[Source "ChessBase"]
[SourceDate "2009.01.28"]
[SourceVersion "1"]
[SourceVersionDate "2009.01.28"]
[SourceQuality "1"]
[WhiteTeam "Bolivia"]
[BlackTeam "Canada"]
[WhiteTeamCountry "BOL"]
[BlackTeamCountry "CAN"]

1. d4 Nf6 2. Bf4 e6 3. e3 c5 4. c3 cxd4 5. exd4 Be7 6. Nd2 0-0 7. Bd3 d6 8. Ngf3 b6 9. Qe2 Bb7 10. 0-0 Nbd7 11. Rfe1 Re8 12. Rad1 a6 13. Ne4 Nxe4 14. Bxe4 Bxe4 15. Qxe4 b5 16. Nd2 Nb6 17. Qf3 Rc8 18. Qb7 Nd5 19. Bg3 Qa5 20. Nb3 Qxa2 21. Nc1 Qa4 22. Nd3 Rc7 23. Qxd5 exd5 24. Bxd6 Rcc8 25. Nc5 Qc2 0-1

[Event "Montreal 9th"]
[Site "Montreal"]
[Date "2008.09.01"]
[Round "8"]
[White "Maze, Sebastien"]
[Black "Zugic, Igor"]
[Result "1/2-1/2"]
[WhiteElo "2553"]
[BlackElo "2457"]
[PlyCount "63"]
[EventDate "2008.08.24"]
[EventType "tourn"]
[EventRounds "9"]
[EventCountry "CAN"]
[EventCategory "13"]
[SourceTitle "CBM 126"]
[Source "ChessBase"]
[SourceDate "2008.10.01"]
[SourceVersion "1"]
[SourceVersionDate "2008.10.01"]
[SourceQuality "1"]

1. e4 e6 2. d4 d5 3. Nc3 Bb4 4. e5 c5 5. a3 Bxc3+ 6. bxc3 Qa5 7. Bd2 Qa4 8. Qb1 c4 9. Nf3 Nc6 10. Be2 Nge7 11. 0-0 0-0 12. h4 f6 13. exf6 Rxf6 14. Bg5 Rf7 15. Qc1 Qa5 16. Re1 h6 17. Bxe7 Rxe7 18. Qd2 Bd7 19. Nh2 e5 20. dxe5 Nxe5 21. Bf3 Bc6 22. Qd4 Nxf3+ 23. Nxf3 Rxe1+ 24. Nxe1 Re8 25. Nf3 Re4 26. Qd2 d4 27. Nxd4 Rxh4 28. f3 Rh5 29. Qe3 Re5 30. Qd2 Rh5 31. Qe3 Re5 32. Qd2 1/2-1/2

[Event "Calgary op"]
[Site "Calgary"]
[Date "2008.05.18"]
[Round "5"]
[White "Yearwood, Roy"]
[Black "Zugic, Igor"]
[Result "0-1"]
[WhiteElo "2062"]
[BlackElo "2472"]
[PlyCount "70"]
[EventDate "2008.05.16"]
[EventType "swiss"]
[EventRounds "7"]
[EventCountry "CAN"]
[SourceTitle "EXT 2011"]
[Source "ChessBase"]
[SourceDate "2010.11.26"]
[SourceVersion "1"]
[SourceVersionDate "2010.11.26"]
[SourceQuality "1"]

1. Nc3 c5 2. a3 d5 3. e4 d4 4. Nce2 e5 5. Ng3 Be6 6. Bb5+ Nd7 7. Nf3 Bd6 8. 0-0 h6 9. b4 Qb6 10. Qe2 Ngf6 11. c3 dxc3 12. dxc3 Qc7 13. Nh4 g6 14. h3 0-0-0 15. Be3 Kb8 16. Rfc1 Be7 17. Nf3 Nf8 18. Nf1 Bc8 19. N1d2 Nh5 20. Nc4 Nf4 21. Qc2 f6 22. Na5 g5 23. Nb3 N8e6 24. Bf1 g4 25. hxg4 h5 26. g5 fxg5 27. Nxc5 Nxc5 28. bxc5 g4 29. Ne1 h4 30. Nd3 Nxd3 31. Bxd3 g3 32. Rab1 Bxc5 33. Ba6 Ka8 34. Bf1 h3 35. gxh3 Rdg8 0-1

[Event "Calgary op"]
[Site "Calgary"]
[Date "2008.05.18"]
[Round "4"]
[White "Zugic, Igor"]
[Black "Kaminski, Victor Kazimierz"]
[Result "0-1"]
[WhiteElo "2472"]
[BlackElo "2211"]
[PlyCount "108"]
[EventDate "2008.05.16"]
[EventType "swiss"]
[EventRounds "7"]
[EventCountry "CAN"]
[SourceTitle "EXT 2011"]
[Source "ChessBase"]
[SourceDate "2010.11.26"]
[SourceVersion "1"]
[SourceVersionDate "2010.11.26"]
[SourceQuality "1"]

1. d4 Nf6 2. Nf3 e6 3. c4 c5 4. d5 exd5 5. cxd5 d6 6. Nc3 g6 7. Bg5 Bg7 8. Nd2 h6 9. Bh4 g5 10. Bg3 Nh5 11. e3 Nxg3 12. hxg3 a6 13. a4 Nd7 14. Nc4 Ne5 15. Nxe5 Bxe5 16. Qd2 Bd7 17. a5 b5 18. axb6 Qxb6 19. f4 Bg7 20. Bd3 Ke7 21. 0-0 Rhb8 22. Rf2 Qxb2 23. Qxb2 Rxb2 24. Rxb2 Bxc3 25. Rba2 Bxa1 26. Rxa1 a5 27. Kf2 a4 28. Ra2 Rb8 29. Ke2 Rb4 30. Kd2 f5 31. Ra1 Kf6 32. Kc3 Rb3+ 33. Kd2 Rb2+ 34. Bc2 Rb4 35. Rf1 h5 36. Kc3 Kg6 37. Rf2 g4 38. Re2 Bb5 39. Re1 Bc4 40. e4 Kf7 41. e5 Bxd5 42. exd6 Rc4+ 43. Kd2 Rd4+ 44. Kc3 Rc4+ 45. Kd2 Be4 46. Bxe4 fxe4 47. d7 Ke7 48. Rh1 a3 49. Rxh5 Ra4 50. Rh1 a2 51. Ra1 Kxd7 52. Kc3 Ke6 53. Kb3 Ra5 54. Kb2 Kf5 0-1

[Event "Calgary op"]
[Site "Calgary"]
[Date "2008.05.16"]
[Round "1"]
[White "Nguyen, Kim"]
[Black "Zugic, Igor"]
[Result "1/2-1/2"]
[WhiteElo "2088"]
[BlackElo "2472"]
[PlyCount "79"]
[EventDate "2008.05.16"]
[EventType "swiss"]
[EventRounds "7"]
[EventCountry "CAN"]
[SourceTitle "EXT 2011"]
[Source "ChessBase"]
[SourceDate "2010.11.26"]
[SourceVersion "1"]
[SourceVersionDate "2010.11.26"]
[SourceQuality "1"]

1. e4 Nf6 2. e5 Nd5 3. d4 d6 4. c4 Nb6 5. exd6 cxd6 6. Nc3 g6 7. Be3 Bg7 8. Rc1 0-0 9. b3 e5 10. dxe5 dxe5 11. c5 N6d7 12. Bc4 h6 13. Qd6 Kh7 14. h4 Nc6 15. Nf3 Nf6 16. Qxd8 Rxd8 17. Bxf7 e4 18. Nd2 Ne5 19. Bc4 Nd3+ 20. Bxd3 exd3 21. f3 Nh5 22. Nce4 Be6 23. g4 Nf6 24. Nxf6+ Bxf6 25. g5 Bb2 26. Rb1 Bc3 27. Kf2 Bd5 28. h5 hxg5 29. Rbg1 Bxd2 30. Bxd2 Rf8 31. hxg6+ Kg8 32. Rh3 Rae8 33. Be3 Re5 34. Rxg5 Rxg5 35. Bxg5 Be6 36. Rg3 Bf5 37. Be3 Rf6 38. Bd4 Ra6 39. a4 Bxg6 40. f4 1/2-1/2

[Event "Calvia op 4th"]
[Site "Calvia"]
[Date "2007.10.19"]
[Round "5"]
[White "Kuzubov, Yuriy"]
[Black "Zugic, Igor"]
[Result "1/2-1/2"]
[WhiteElo "2582"]
[BlackElo "2477"]
[PlyCount "111"]
[EventDate "2007.10.15"]
[EventType "swiss"]
[EventRounds "9"]
[EventCountry "ESP"]
[SourceTitle "CBM 120 Extra"]
[Source "ChessBase"]
[SourceDate "2007.11.01"]
[SourceVersion "1"]
[SourceVersionDate "2007.11.01"]
[SourceQuality "1"]

1. d4 d5 2. c4 c6 3. Nf3 Nf6 4. e3 g6 5. Nc3 Bg7 6. Bd3 0-0 7. 0-0 Bg4 8. h3 Bxf3 9. Qxf3 e6 10. Rd1 Nbd7 11. Bd2 Re8 12. Rac1 Qe7 13. Qg3 dxc4 14. Bxc4 e5 15. Bb3 Rad8 16. Qh4 Nb6 17. dxe5 Qxe5 18. Qb4 Bf8 19. Qf4 Qxf4 20. exf4 Nfd5 21. Nxd5 Nxd5 22. g3 Rd7 23. Re1 Rxe1+ 24. Rxe1 Bb4 25. Re8+ Kg7 26. Bc1 Re7 27. Rxe7 Bxe7 28. Kf1 Bc5 29. Ke2 Bd4 30. Bc4 Kf6 31. a3 b5 32. Bd3 Ke6 33. b3 f5 34. g4 a6 35. Bd2 Bb2 36. a4 Bc3 37. Be3 Bf6 38. Bd2 Be7 39. axb5 axb5 40. Kf3 Bb4 41. Be3 Bc3 42. Bc5 Kf6 43. Be3 Nc7 44. Bc5 Ne6 45. Be3 Bd4 46. Bd2 Nc7 47. Bc1 c5 48. Bd2 b4 49. Ke2 Ne8 50. f3 Nd6 51. Ba6 Ke6 52. Kd3 Kd5 53. Be1 Bf6 54. Bf2 Be7 55. Be3 Bh4 56. Bd2 1/2-1/2

[Event "Calvia op 4th"]
[Site "Calvia"]
[Date "2007.10.15"]
[Round "1"]
[White "Campos Calvo, Sotelo Juan"]
[Black "Zugic, Igor"]
[Result "1-0"]
[WhiteElo "1971"]
[BlackElo "2477"]
[PlyCount "125"]
[EventDate "2007.10.15"]
[EventType "swiss"]
[EventRounds "9"]
[EventCountry "ESP"]
[SourceTitle "CBM 120 Extra"]
[Source "ChessBase"]
[SourceDate "2007.11.01"]
[SourceVersion "1"]
[SourceVersionDate "2007.11.01"]
[SourceQuality "1"]

1. b3 c5 2. c4 Nc6 3. Bb2 e5 4. e3 g6 5. f4 d6 6. Nf3 Bg7 7. Be2 Nge7 8. 0-0 0-0 9. fxe5 dxe5 10. Nc3 e4 11. Ng5 f5 12. a3 h6 13. Nh3 g5 14. Qc2 b6 15. Rad1 Ne5 16. Nxe4 fxe4 17. Bxe5 Bxe5 18. Qxe4 Bxh3 19. gxh3 Bf6 20. Bd3 Rf7 21. Rf2 Rc8 22. Rdf1 Rc6 23. Bb1 Kf8 24. b4 Qd7 25. Qg2 Qe6 26. Be4 Rd6 27. d3 Kg7 28. h4 Qe5 29. Rf3 Rd8 30. hxg5 hxg5 31. h4 Rdf8 32. Qg4 Ng8 33. Qh5 Rd8 34. hxg5 Kf8 35. Bg6 Rg7 36. Rxf6+ Nxf6 37. Rxf6+ Ke7 38. Kf2 Rf8 39. Bf5 Rff7 40. Qh6 Qxf5+ 41. Rxf5 Rxf5+ 42. Ke2 Rfxg5 43. Qh4 Kd7 44. d4 cxd4 45. Qxd4+ Kc7 46. Qf4+ Kb7 47. Kf3 Rg1 48. Qh4 Rf7+ 49. Ke2 Rc7 50. Kd3 Ra1 51. Qe4+ Kb8 52. a4 Rc1 53. a5 Rd1+ 54. Kc2 Rd8 55. axb6 axb6 56. Kb3 Rdc8 57. Qf4 Kb7 58. Qe5 Rd8 59. c5 bxc5 60. bxc5 Rd1 61. Kc2 Rdd7 62. Kc3 Rc6 63. e4 1-0

[Event "Sarajevo Bosnia-B 37th"]
[Site "Sarajevo"]
[Date "2007.05.28"]
[Round "9"]
[White "Zugic, Igor"]
[Black "Atalik, Suat"]
[Result "1/2-1/2"]
[WhiteElo "2481"]
[BlackElo "2584"]
[PlyCount "68"]
[EventDate "2007.05.19"]
[EventType "tourn"]
[EventRounds "9"]
[EventCountry "BIH"]
[EventCategory "9"]
[SourceTitle "CBM 118 Extra"]
[Source "ChessBase"]
[SourceDate "2007.07.04"]
[SourceVersion "1"]
[SourceVersionDate "2007.07.04"]
[SourceQuality "1"]

1. d4 d5 2. c4 e6 3. Nc3 c6 4. Nf3 Nf6 5. cxd5 exd5 6. Bg5 h6 7. Bxf6 Qxf6 8. e3 Bd6 9. h3 Bf5 10. Bd3 Nd7 11. Bxf5 Qxf5 12. Qb1 Qe6 13. e4 Bb4 14. e5 0-0-0 15. 0-0 g5 16. Qd3 Rhg8 17. Ne2 f6 18. a3 Ba5 19. exf6 Qxf6 20. b4 Bc7 21. b5 g4 22. hxg4 Rxg4 23. bxc6 bxc6 24. Qa6+ Kb8 25. Ne5 Nxe5 26. dxe5 Qg6 27. Rab1+ Bb6 28. Rxb6+ axb6 29. Qxb6+ Kc8 30. Rc1 Rc4 31. Qa6+ Kc7 32. Qa7+ Kc8 33. Qa6+ Kc7 34. Qa7+ Kc8 1/2-1/2

[Event "Sarajevo Bosnia-B 37th"]
[Site "Sarajevo"]
[Date "2007.05.23"]
[Round "5"]
[White "Zugic, Igor"]
[Black "Stojanovic, Dalibor"]
[Result "1/2-1/2"]
[WhiteElo "2481"]
[BlackElo "2473"]
[PlyCount "22"]
[EventDate "2007.05.19"]
[EventType "tourn"]
[EventRounds "9"]
[EventCountry "BIH"]
[EventCategory "9"]
[SourceTitle "CBM 118 Extra"]
[Source "ChessBase"]
[SourceDate "2007.07.04"]
[SourceVersion "1"]
[SourceVersionDate "2007.07.04"]
[SourceQuality "1"]

1. d4 d5 2. c4 c6 3. Nf3 Nf6 4. Nc3 dxc4 5. a4 Bf5 6. e3 e6 7. Bxc4 Bb4 8. 0-0 0-0 9. Nh4 Bg4 10. f3 Bh5 11. g4 Nd5 1/2-1/2

[Event "Canada zt"]
[Site "Toronto"]
[Date "2006.08.21"]
[Round "4"]
[White "Hamilton, Robert"]
[Black "Zugic, Igor"]
[Result "0-1"]
[WhiteElo "2333"]
[BlackElo "2467"]
[PlyCount "68"]
[EventDate "2006.08.18"]
[EventType "swiss"]
[EventRounds "9"]
[EventCountry "CAN"]
[SourceTitle "CBM 113 Extra"]
[Source "ChessBase"]
[SourceDate "2006.09.14"]
[SourceVersion "1"]
[SourceVersionDate "2006.09.14"]
[SourceQuality "1"]

1. d4 d5 2. c4 c6 3. Nf3 Nf6 4. Nc3 a6 5. cxd5 cxd5 6. Bg5 Ne4 7. Bh4 Nc6 8. Qb3 Nxc3 9. bxc3 Na5 10. Qc2 g6 11. e3 Bf5 12. Qa4+ b5 13. Qb4 f6 14. a4 e6 15. Qb2 Nc4 16. Qb3 Na5 17. Qb2 Nc4 18. Qb3 Be7 19. Be2 Kf7 20. Ra2 Qd7 21. 0-0 bxa4 22. Qxa4 Qxa4 23. Rxa4 Bc2 24. Raa1 a5 25. Rfc1 Bb3 26. Ne1 a4 27. Nc2 Rhb8 28. Kf1 a3 29. Ke1 a2 30. Bg3 Rb6 31. Kd1 Na3 32. Bd3 Nxc2 33. Bxc2 Bc4 34. f3 Ba3 0-1

[Event "Olympiad-37"]
[Site "Turin"]
[Date "2006.06.04"]
[Round "13"]
[White "Svetushkin, Dmitry"]
[Black "Zugic, Igor"]
[Result "1/2-1/2"]
[WhiteElo "2552"]
[BlackElo "2466"]
[PlyCount "93"]
[EventDate "2006.05.21"]
[EventType "team-swiss"]
[EventRounds "13"]
[EventCountry "ITA"]
[SourceTitle "CBM 113"]
[Source "ChessBase"]
[SourceDate "2006.07.31"]
[SourceVersion "1"]
[SourceVersionDate "2006.07.31"]
[SourceQuality "1"]
[WhiteTeam "Moldova"]
[BlackTeam "Canada"]
[WhiteTeamCountry "MDA"]
[BlackTeamCountry "CAN"]

1. d4 Nf6 2. c4 e6 3. Nf3 b6 4. Nc3 Bb4 5. Bg5 Bb7 6. Nd2 h6 7. Bh4 c5 8. a3 cxd4 9. axb4 dxc3 10. bxc3 d6 11. e4 Nbd7 12. Bg3 e5 13. Bd3 0-0 14. 0-0 a5 15. Qb3 Qc7 16. Rfb1 axb4 17. cxb4 Nh5 18. Bh4 g5 19. Bg3 Rxa1 20. Rxa1 Ra8 21. Rxa8+ Bxa8 22. Qa3 Bb7 23. f3 Nxg3 24. hxg3 Nb8 25. Nf1 Bc8 26. Ne3 Be6 27. Qa8 Kg7 28. Nd5 Bxd5 29. exd5 Kf6 30. Kf2 Ke7 31. Ke2 Kf6 32. Kd2 Kg7 33. Kc3 Kf6 34. Kb3 Ke7 35. Qa1 b5 36. c5 Nd7 37. Bxb5 dxc5 38. Bxd7 Kxd7 39. bxc5 Qxc5 40. Qxe5 Qb5+ 41. Kc3 Qb1 42. Qe4 Qc1+ 43. Kd4 Qa1+ 44. Kd3 Qd1+ 45. Kc3 Qa1+ 46. Kb4 Kd6 47. f4 1/2-1/2

[Event "Olympiad-37"]
[Site "Turin"]
[Date "2006.05.24"]
[Round "4"]
[White "Zugic, Igor"]
[Black "Gallagher, Joseph G"]
[Result "1/2-1/2"]
[WhiteElo "2466"]
[BlackElo "2530"]
[PlyCount "92"]
[EventDate "2006.05.21"]
[EventType "team-swiss"]
[EventRounds "13"]
[EventCountry "ITA"]
[SourceTitle "CBM 113"]
[Source "ChessBase"]
[SourceDate "2006.07.31"]
[SourceVersion "1"]
[SourceVersionDate "2006.07.31"]
[SourceQuality "1"]
[WhiteTeam "Canada"]
[BlackTeam "Switzerland"]
[WhiteTeamCountry "CAN"]
[BlackTeamCountry "SUI"]

1. d4 Nf6 2. c4 g6 3. Nf3 Bg7 4. g3 0-0 5. Bg2 d6 6. 0-0 Nbd7 7. Nc3 e5 8. e4 exd4 9. Nxd4 a6 10. Rb1 Rb8 11. a4 Re8 12. h3 Nc5 13. Re1 a5 14. Nb3 Nxb3 15. Qxb3 Be6 16. Be3 Nd7 17. Rbd1 b6 18. Nb5 Nc5 19. Qc2 Bd7 20. b3 Bc6 21. Nd4 Bb7 22. f3 Qe7 23. Bf2 Qd7 24. h4 h5 25. Kh2 Re7 26. Bh3 Qe8 27. Nb5 Kh7 28. Nc3 Qd8 29. Be3 Re8 30. Nd5 c6 31. Nf4 Be5 32. Ng2 Qe7 33. Bg5 Qc7 34. Bc1 Rbd8 35. Bg5 Rb8 36. Bc1 Ba6 37. Nf4 Rbd8 38. Bg2 Qe7 39. Nh3 Bf6 40. f4 Bc8 41. Ng5+ Kg8 42. Bb2 Bg4 43. Rd2 Bxb2 44. Qxb2 Qf8 45. Qc2 Qg7 46. Rf1 Bc8 1/2-1/2

[Event "American Continental 03rd"]
[Site "Buenos Aires"]
[Date "2005.08.14"]
[Round "9"]
[White "Zugic, Igor"]
[Black "Labollita, Martin"]
[Result "0-1"]
[WhiteElo "2474"]
[BlackElo "2383"]
[PlyCount "100"]
[EventDate "2005.08.06"]
[EventType "swiss"]
[EventRounds "11"]
[EventCountry "ARG"]
[SourceTitle "CBM 109"]
[Source "ChessBase"]
[SourceDate "2005.11.14"]
[SourceVersion "1"]
[SourceVersionDate "2005.11.14"]
[SourceQuality "1"]

1. d4 d5 2. c4 c6 3. Nf3 Nf6 4. Nc3 dxc4 5. a4 Bf5 6. e3 e6 7. Bxc4 Bb4 8. 0-0 0-0 9. Nh4 Nbd7 10. Nxf5 exf5 11. Qc2 g6 12. f3 Rc8 13. Rd1 Qa5 14. Na2 Bd6 15. b4 Qc7 16. g3 Nb6 17. Bd3 Rfe8 18. e4 fxe4 19. fxe4 Bf8 20. a5 Na8 21. Bb2 Bg7 22. Re1 Qd7 23. Rad1 Nc7 24. Bf1 h5 25. Bg2 Rcd8 26. Nc1 h4 27. gxh4 Qg4 28. e5 Qxh4 29. Nd3 Nfd5 30. Re4 Qe7 31. h4 Ne6 32. Qe2 f6 33. exf6 Nxf6 34. Re5 Nd7 35. Re4 Nf6 36. Re5 Nh5 37. d5 Nef4 38. Qg4 Bxe5 39. Bxe5 Nxd3 40. Qxg6+ Ng7 41. Bf6 Qe3+ 42. Kh2 Qf4+ 43. Kg1 Rd7 44. Bxg7 Qf2+ 45. Kh2 Qxh4+ 46. Kg1 Re1+ 47. Rxe1 Qxe1+ 48. Kh2 Qh4+ 49. Kg1 Qf2+ 50. Kh2 Rxg7 0-1

[Event "American Continental 03rd"]
[Site "Buenos Aires"]
[Date "2005.08.06"]
[Round "1"]
[White "Perez Cascella, Julio"]
[Black "Zugic, Igor"]
[Result "1-0"]
[WhiteElo "2209"]
[BlackElo "2474"]
[PlyCount "65"]
[EventDate "2005.08.06"]
[EventType "swiss"]
[EventRounds "11"]
[EventCountry "ARG"]
[SourceTitle "CBM 107 Extra"]
[Source "ChessBase"]
[SourceDate "2005.09.01"]
[SourceVersion "1"]
[SourceVersionDate "2005.09.01"]
[SourceQuality "1"]

1. c4 e5 2. Nc3 Nc6 3. g3 g6 4. Bg2 Bg7 5. d3 f5 6. e3 Nf6 7. Nge2 d6 8. Rb1 a5 9. b3 0-0 10. a3 f4 11. exf4 Nh5 12. Nd5 Nd4 13. 0-0 Nxe2+ 14. Qxe2 c6 15. fxe5 cxd5 16. e6 Qe7 17. cxd5 b5 18. f4 Bb7 19. f5 Bd4+ 20. Kh1 Rae8 21. Qg4 Bg7 22. Bd2 Be5 23. Qh4 Qc7 24. Qh3 Nf6 25. Bg5 Qg7 26. Bh6 Qe7 27. Bxf8 Rxf8 28. Qh4 Qg7 29. fxg6 hxg6 30. Qg5 Kh7 31. d4 Bxd4 32. Qh4+ Nh5 33. Rxf8 1-0

[Event "Guelph op"]
[Site "Guelph"]
[Date "2005.07.29"]
[Round "4"]
[White "Krnan, Tomas"]
[Black "Zugic, Igor"]
[Result "0-1"]
[WhiteElo "2372"]
[BlackElo "2474"]
[PlyCount "114"]
[EventDate "2005.07.28"]
[EventType "swiss"]
[EventRounds "9"]
[EventCountry "CAN"]
[SourceTitle "CBM 107 Extra"]
[Source "ChessBase"]
[SourceDate "2005.09.01"]
[SourceVersion "1"]
[SourceVersionDate "2005.09.01"]
[SourceQuality "1"]

1. e4 e6 2. d4 d5 3. Nc3 Bb4 4. exd5 exd5 5. Bd3 c6 6. Qf3 Bd6 7. Nge2 Qf6 8. Qxf6 Nxf6 9. Bg5 Nfd7 10. Ng3 Nf8 11. 0-0-0 f6 12. Bd2 g6 13. h4 h5 14. Nge2 Kf7 15. f3 b6 16. Bf4 Be7 17. Bxb8 Rxb8 18. Nf4 Rh6 19. Rdg1 Ne6 20. Nxe6 Bxe6 21. Ne2 Bd6 22. g4 hxg4 23. fxg4 Rbh8 24. h5 gxh5 25. Rxh5 Rxh5 26. gxh5 f5 27. Rh1 Kf6 28. Kd2 Bf7 29. h6 Rh7 30. Ke1 Bg6 31. Kf2 Bf8 32. Nf4 Bf7 33. Nh5+ Kg6 34. Ng3 Be6 35. Re1 Bd7 36. Rg1 Kf6 37. Nh5+ Kf7 38. Rg5 Bxh6 39. Bxf5 Bxf5 40. Rxf5+ Kg6 41. Ng3 Bc1 42. b3 Rh2+ 43. Ke1 Rxc2 44. Kd1 Rc3 45. Rf8 Bh6 46. Rg8+ Kf7 47. Rg4 Rc1+ 48. Ke2 Rc2+ 49. Kd3 Rxa2 50. Rh4 Kg6 51. Rh1 Rd2+ 52. Kc3 Rf2 53. Nf1 Bf4 54. Rg1+ Kf6 55. Kd3 Rf3+ 56. Kc2 Kf5 57. Rh1 Ke4 0-1

[Event "Guelph op"]
[Site "Guelph"]
[Date "2005.07.28"]
[Round "1"]
[White "Zugic, Igor"]
[Black "Filipovich, David"]
[Result "1-0"]
[WhiteElo "2474"]
[BlackElo "2218"]
[PlyCount "77"]
[EventDate "2005.07.28"]
[EventType "swiss"]
[EventRounds "9"]
[EventCountry "CAN"]
[SourceTitle "CBM 107 Extra"]
[Source "ChessBase"]
[SourceDate "2005.09.01"]
[SourceVersion "1"]
[SourceVersionDate "2005.09.01"]
[SourceQuality "1"]

1. e4 c6 2. c4 d5 3. cxd5 cxd5 4. exd5 Nf6 5. Qa4+ Nbd7 6. Nc3 g6 7. Bc4 Bg7 8. d3 a6 9. Nf3 0-0 10. Qa3 b6 11. 0-0 Bb7 12. Re1 Re8 13. Ng5 b5 14. Bb3 Nb6 15. d6 e6 16. Nge4 Nxe4 17. Nxe4 Bxe4 18. dxe4 Be5 19. Rd1 Qh4 20. g3 Qxe4 21. Be3 Nd7 22. Rd2 Rec8 23. Bd1 Bf6 24. Be2 Ne5 25. Rad1 Nc4 26. Bxc4 Rxc4 27. d7 Bd8 28. b3 Rc2 29. Rxc2 Qxc2 30. Qc1 Qe4 31. Qc5 Qf3 32. Rd3 Qe4 33. Bh6 Qe1+ 34. Kg2 Qe4+ 35. Kh3 Qf5+ 36. Qxf5 gxf5 37. Rc3 Ra7 38. Rc8 Rxd7 39. Bg5 1-0

[Event "Olympiad-36"]
[Site "Mallorca"]
[Date "2004.10.27"]
[Round "12"]
[White "Sveshnikov, Evgeny"]
[Black "Zugic, Igor"]
[Result "1/2-1/2"]
[WhiteElo "2512"]
[BlackElo "2479"]
[PlyCount "144"]
[EventDate "2004.10.15"]
[EventType "team-swiss"]
[EventRounds "14"]
[EventCountry "ESP"]
[SourceTitle "CBM 104"]
[Source "ChessBase"]
[SourceDate "2005.01.27"]
[SourceVersion "1"]
[SourceVersionDate "2005.01.27"]
[SourceQuality "1"]
[WhiteTeam "Latvia"]
[BlackTeam "Canada"]
[WhiteTeamCountry "LAT"]
[BlackTeamCountry "CAN"]

1. e4 Nf6 2. e5 Nd5 3. c4 Nb6 4. c5 Nd5 5. Nc3 c6 6. d4 d6 7. cxd6 exd6 8. Nf3 dxe5 9. dxe5 Be7 10. Nxd5 cxd5 11. Bd3 Nc6 12. 0-0 0-0 13. Re1 Bg4 14. h3 Bh5 15. a3 Qd7 16. b4 Rad8 17. Bb2 a6 18. Qc2 Bg6 19. Bxg6 hxg6 20. e6 fxe6 21. Qxg6 Bf6 22. Be5 Nxe5 23. Nxe5 Bxe5 24. Rxe5 Rf6 25. Qg3 Rdf8 26. Rae1 Qf7 27. R1e2 Rc8 28. Kh2 Rc6 29. R5e3 Qd7 30. Qb8+ Rf8 31. Qe5 Rf5 32. Qg3 d4 33. Rd3 Rd5 34. Re4 Qd6 35. f4 Qd7 36. Qg6 Rcd6 37. Qg3 Qf7 38. Qf3 Qf6 39. Qg4 Qf5 40. Qf3 Rd7 41. g4 Qf6 42. Kg3 a5 43. bxa5 Rxa5 44. Qe2 Rd6 45. Qb2 e5 46. Qxb7 exf4+ 47. Rxf4 Qe5 48. Qc8+ Kh7 49. Qf5+ Qxf5 50. Rxf5 Ra4 51. h4 Rc6 52. Rff3 Rc1 53. Kf4 Re1 54. Kg5 Re5+ 55. Rf5 Re3 56. Rf3 Re5+ 57. Kf4 Re1 58. Rg3 Rh1 59. Ke4 Rxh4 60. Rxd4 Ra5 61. a4 Rh1 62. Ra3 Kg6 63. Rd6+ Kg5 64. Rd5+ Rxd5 65. Kxd5 Kxg4 66. a5 g5 67. a6 Rh8 68. a7 Ra8 69. Ke5 Kh4 70. Ra6 g4 71. Kf5 Kh3 72. Rh6+ Kg3 1/2-1/2